000 00748nam a22002417a 4500
003 dpl
005 20180530172810.0
008 180530b xxu||||| |||| 00| 0 eng d
010 _aA-996370
020 _c250.00
_a8176461091
035 _aA-996370, A-996374
037 _bCen Lib/Ret
040 _aDPL
_bEN
_c0
082 _a362.1969792
_bSIN
100 _aSinha, S.P.
_916061
245 _aIndian sits on AIDS bomb /
_cby S.P.Sinha
260 _aDelhi
_bB.R.Publishing Corporation
_c1999
270 _bDelhi
_a3779, 1st Floor, Kanhaiya Nagar, Tri Nagar
_e110035
300 _axx,106p.
_c22cm(Hb)
650 _aAIDS (Disease) -- India.
_916062
650 _a AIDS (Disease)
_916063
942 _2ddc
_cEN
_h362.1969792
_mSIN
999 _c125945
_d125945